Quem é a minha mamã (Registo nº 28464)
[ vista simples ]
| 000 -Etiqueta do registo | |
|---|---|
| Valores | 00768nam a2200301 4500 |
| 010 ## - Número ISBN | |
| ISBN | 9720716320 |
| 021 ## - Número do Depósito Legal | |
| -- | PT |
| Número | 216353/04 |
| 090 ## - | |
| -- | 28464 |
| 100 ## - Dados gerais de processamento | |
| Dados gerais | 20071004d2005 c y0pory5003 ba |
| 101 1# - Língua de publicação | |
| -- | por |
| -- | eng |
| 102 ## - País de publicação | |
| -- | PT |
| 105 ## - | |
| -- | a z 000yy |
| 106 ## - | |
| -- | r |
| 200 1# - Titulo e menção de responsabilidade | |
| Título próprio | Quem é a minha mamã |
| Primeira menção de responsabilidade | Kathryn Smith |
| Outras menções de responsabilidade | il. Claire Crystal |
| 205 ## - Menção da edição | |
| Edição | [1a ed.] |
| 210 ## - Publicação | |
| Local de publicação | Porto |
| Nome do editor | Porto Editora, |
| Data de publicação | 2005 |
| 215 ## - Descrição física | |
| Paginação / Volumes | [10] p. |
| Outras indicações físicas | muito il. |
| Dimensões | 18 cm |
| 225 2# - Colecção | |
| Título próprio da colecção | Quem é quem |
| 304 ## - Nota relativa ao título | |
| Texto de nota | Tít. orig.: Who's my mummy ? |
| 333 ## - | |
| -- | A partir dos 3 anos |
| 675 ## - CDU | |
| Notação | 087.5 |
| Edição | BN |
| Língua | por |
| 700 #1 - Autor principal (pessoa individual) | |
| Apelido | Smith, |
| Nome | Kathryn |
| 702 #1 - Autor secundário (pessoa individual) | |
| Apelido | Crystal, |
| Nome | Claire |
| -- | 440 |
| 801 #0 - Fonte de origem | |
| País | PT |
| Agência | BN |
| Regras de catalogação | RPC |
| 930 ## - | |
| -- | BECRE |
| 990 ## - Elementos KOHA | |
| Tipo de documento | Livro |
| 995 ## - Localização e informação dos exemplares | |
| -- | 18 |
| Situação do levantamento | Estado | Biblioteca de origem | Biblioteca de empréstimo | Código de barras | Cota | Permissão de empréstimo | Tipo de documento |
|---|---|---|---|---|---|---|---|
| Completo | Biblioteca da Escola Básica de Aguiar | Biblioteca da Escola Básica de Aguiar | 119BA | 087.5 SMI | Disponível | Livro |